000 00618nam a2200229Ia 4500
003 OSt
005 20220928141434.0
006 a|||||r|||| 00| 0
007 ta
008 220927b |||||||| |||| 00| 0 eng d
024 _a14990
037 _cTextual
040 _aSDCL
_cSDCL
_beng
041 _2eng
_aeng
082 _aX:8:(S:44), L4
100 _aHodge B J
_9498116
245 0 _aOrganizational behavior
_b Cases and situations
260 _c1974
700 _a Johnson Herbert J
_9500128
942 _hX:8:(S:44), L4
_cTEXL
_2CC
999 _c817399
_d817399